000
00303nam a22001337a 4500
008
181022b xxu||||| |||| 00| 0 eng d
020
_a
0130603694
041
_a
eng
080
_a
621
100
_a
27
101
_a
ENG
245
_a
Basic Engineering Electromagnetics
_c
Coren.R.L
942
_2
udc
_c
BK
999
_c
50422
_d
50422